| 000 | 00740nam a2200181Ia 4500 | ||
|---|---|---|---|
| 008 | 100920s9999 xx 000 0 und d | ||
| 082 |
_b104970 _a891.43 न 08 |
||
| 100 | _aव्योमानन्द स्वामी. | ||
| 245 | _aश्रीमाँ सारदा देवी की अमृतवाणी. | ||
| 260 |
_bअव्दैत आश्रम , कोलकत्ता. _c2008 |
||
| 300 |
_a128 _bसाधी |
||
| 365 | _b12 | ||
| 520 | _aहिंदी. | ||
| 630 | _aश्रीमाँ सारदा देवी की अमृतवाणी. | ||
| 650 | _aहिंदी. | ||
| 730 | _aश्रीमाँ सारदा देवी की अमृतवाणी. | ||
| 942 | _cBOOK | ||
| 999 |
_c745401 _d745398 |
||